[Event "GER-ch U10"]
[Site "Willingen"]
[Date "2019.06.12"]
[Round "6"]
[White "Middendorf, Sven Jonas"]
[Black "Yang, Marco"]
[Result "1-0"]
[WhiteElo "1452"]
[BlackElo "1278"]
[PlyCount "107"]
[EventDate "2019.06.08"]
[EventType "swiss"]
[EventRounds "11"]
[EventCountry "GER"]
[SourceTitle "CBM 191 Extra"]
[Source "ChessBase"]
[SourceDate "2019.09.30"]
[SourceVersion "1"]
[SourceVersionDate "2019.09.30"]
[SourceQuality "1"]

1. e4 c5 2. Nf3 d6 3. d4 cxd4 4. Nxd4 Nf6 5. Nc3 g6 6. Be3 Bg7 7. Be2 0-0 8. g4 Nc6 9. g5 Ne8 10. Qd2 f6 11. h4 f5 12. Bc4+ Kh8 13. h5 Ne5 14. Qe2 f4 15. Bd2 f3 16. hxg6 Nxg6 17. Qd3 Ne5 18. Qf1 Qb6 19. Ne6 Bxe6 20. Bxe6 Qxb2 21. Rc1 Ng4 22. Qh3 Nh6 23. Nd1 Qd4 24. gxh6 Qxe4+ 25. Ne3 Bd4 26. Rg1 Bxe3 27. Bxe3 Qb4+ 28. Kf1 Qb5+ 29. c4 Qb2 30. Qxf3 Nc7 31. Qg4 Nxe6 32. Qxe6 Rxf2+ 33. Bxf2 Qxc1+ 34. Kg2 Qg5+ 35. Kh2 Qf4+ 36. Bg3 Qd2+ 37. Rg2 Qg5 38. c5 Qh5+ 39. Qh3 Qxc5 40. Qg4 Rg8 41. Qxg8+ Kxg8 42. Bxd6+ Kf7 43. Bxc5 b6 44. Rg7+ Ke6 45. Bxe7 a5 46. Rxh7 b5 47. Bd8 a4 48. Rb7 b4 49. Rxb4 Kd7 50. Rxa4 Kxd8 51. Ra7 Kc8 52. h7 Kb8 53. Rg7 Kc8 54. h8R# 1-0

[Event "GER-ch U10"]
[Site "Willingen"]
[Date "2019.06.12"]
[Round "7"]
[White "Yang, Marco"]
[Black "Herrmann, Jakob"]
[Result "0-1"]
[WhiteElo "1278"]
[BlackElo "1124"]
[PlyCount "90"]
[EventDate "2019.06.08"]
[EventType "swiss"]
[EventRounds "11"]
[EventCountry "GER"]
[SourceTitle "CBM 191 Extra"]
[Source "ChessBase"]
[SourceDate "2019.09.30"]
[SourceVersion "1"]
[SourceVersionDate "2019.09.30"]
[SourceQuality "1"]

1. e4 c6 2. d4 d5 3. Nc3 dxe4 4. Nxe4 Bf5 5. Ng3 Bg6 6. h4 h6 7. h5 Bh7 8. Bd3 Bxd3 9. Qxd3 e6 10. Nf3 Nd7 11. Bf4 Qa5+ 12. Bd2 Qc7 13. 0-0-0 Ngf6 14. Ne4 Be7 15. g3 0-0-0 16. Bf4 Qb6 17. Nd6+ Bxd6 18. Bxd6 Qa5 19. Kb1 Nxh5 20. d5 Nc5 21. Bxc5 Rxd5 22. b4 Rxd3 23. bxa5 Rxf3 24. Bxa7 Nf6 25. Rd4 Rxf2 26. Rhd1 Rf5 27. Bb6 Rd5 28. c4 Rxd4 29. Rxd4 Nd7 30. a4 Nxb6 31. axb6 Rd8 32. Rg4 g5 33. Kc2 f5 34. c5 fxg4 35. Kc3 h5 36. a5 h4 37. Kb4 hxg3 38. a6 bxa6 39. Ka5 Kb7 40. Ka4 g2 41. Ka5 g1Q 42. Kb4 Qc1 43. Kb3 Rd2 44. Ka4 Rb2 45. Ka3 Qa1# 0-1

[Event "Heusenstamm Sparkassen op U14 5th"]
[Site "Heusenstamm"]
[Date "2018.11.25"]
[Round "5"]
[White "Bangiev, Anton"]
[Black "Yang, Marco"]
[Result "1-0"]
[WhiteElo "1264"]
[BlackElo "1278"]
[PlyCount "111"]
[EventDate "2018.11.23"]
[EventType "swiss"]
[EventRounds "7"]
[EventCountry "GER"]
[SourceTitle "CBM 188 Extra"]
[Source "ChessBase"]
[SourceDate "2019.02.26"]
[SourceVersion "1"]
[SourceVersionDate "2019.02.26"]
[SourceQuality "1"]

1. d4 Nf6 2. Nf3 d5 3. e3 Bf5 4. Bd3 Be4 5. Nbd2 Bxf3 6. Nxf3 Nbd7 7. 0-0 e6 8. b3 Bd6 9. Bb2 0-0 10. Re1 Re8 11. e4 e5 12. dxe5 Nxe5 13. exd5 Nxf3+ 14. Qxf3 Rxe1+ 15. Rxe1 Nxd5 16. Bc4 c6 17. Bxd5 cxd5 18. Rd1 Qe7 19. Qxd5 Re8 20. Bc3 Bb4 21. Bxb4 Qxb4 22. Kf1 Qc3 23. Qd8 Qe1+ 24. Rxe1 Rxd8 25. Re7 Rb8 26. c4 Kf8 27. Rc7 Ke8 28. c5 h5 29. f4 b6 30. c6 Ra8 31. Rb7 Rc8 32. c7 Kd7 33. Rxa7 Rxc7 34. Rxc7+ Kxc7 35. Ke2 Kd6 36. b4 Kd5 37. Kd3 Ke6 38. a4 Kd6 39. a5 bxa5 40. bxa5 Kc5 41. Ke4 Kb5 42. Ke5 Kxa5 43. Kd6 Kb4 44. Ke7 f6 45. Kf7 g5 46. Kxf6 gxf4 47. Kg5 Kc4 48. Kxf4 h4 49. g4 hxg3 50. hxg3 Kd5 51. Kf5 Kd6 52. Kf6 Kd7 53. Kf7 Kd6 54. g4 Ke5 55. g5 Kf5 56. g6 1-0

[Event "Heusenstamm Sparkassen op U14 5th"]
[Site "Heusenstamm"]
[Date "2018.11.24"]
[Round "2"]
[White "Yang, Marco"]
[Black "Keller, Erik"]
[Result "1/2-1/2"]
[WhiteElo "1278"]
[BlackElo "1082"]
[PlyCount "79"]
[EventDate "2018.11.23"]
[EventType "swiss"]
[EventRounds "7"]
[EventCountry "GER"]
[SourceTitle "CBM 188 Extra"]
[Source "ChessBase"]
[SourceDate "2019.02.26"]
[SourceVersion "1"]
[SourceVersionDate "2019.02.26"]
[SourceQuality "1"]

1. e4 e5 2. Nf3 Nf6 3. Nxe5 d6 4. Nf3 Nxe4 5. d3 Nf6 6. Nc3 Bg4 7. h3 Bh5 8. Bg5 Be7 9. Be2 Nc6 10. 0-0 0-0 11. Nh2 Bxe2 12. Qxe2 h6 13. Bxf6 Bxf6 14. Qd2 Re8 15. Ne4 d5 16. Nxf6+ Qxf6 17. c3 d4 18. c4 Ne7 19. Ng4 Qd6 20. Rfe1 Ng6 21. Re2 Rxe2 22. Qxe2 Qd7 23. Re1 Kf8 24. Ne5 Nxe5 25. Qxe5 Re8 26. Qxe8+ Qxe8 27. Rxe8+ Kxe8 28. Kf1 Ke7 29. f4 f5 30. b4 b6 31. a4 c5 32. b5 g5 33. g3 gxf4 34. gxf4 h5 35. h4 Kd7 36. Ke1 Kc7 37. Kd2 Kb7 38. Kc2 a6 39. bxa6+ Kxa6 40. Kb3 1/2-1/2

[Event "GER-ch U25-C"]
[Site "Willingen"]
[Date "2018.05.26"]
[Round "9"]
[White "Haug, Mara"]
[Black "Yang, Marco"]
[Result "0-1"]
[WhiteElo "938"]
[BlackElo "1026"]
[PlyCount "108"]
[EventDate "2018.05.19"]
[EventType "swiss"]
[EventRounds "9"]
[EventCountry "GER"]
[SourceTitle "CBM 184 Extra"]
[Source "ChessBase"]
[SourceDate "2018.06.28"]
[SourceVersion "1"]
[SourceVersionDate "2018.06.28"]
[SourceQuality "1"]

1. e4 c5 2. Nc3 d6 3. Nf3 Nf6 4. Bc4 e6 5. d3 Be7 6. Be3 a6 7. a4 0-0 8. 0-0 Nc6 9. Re1 Qb6 10. b3 Nd4 11. a5 Nxf3+ 12. Qxf3 Qc6 13. Qg3 Kh8 14. Ne2 d5 15. e5 Nd7 16. Nf4 Rg8 17. Qh3 dxc4 18. Ng6+ fxg6 19. bxc4 Rb8 20. Bf4 b6 21. axb6 Rxb6 22. Re3 Bb7 23. Rg3 Nf8 24. Bg5 Bxg5 25. Rxg5 Rb2 26. c3 Qb6 27. Re1 Rb1 28. Kf1 Rxe1+ 29. Kxe1 Qb1+ 30. Ke2 Qc2+ 31. Ke1 Qxc3+ 32. Ke2 Qc2+ 33. Ke1 Qc1+ 34. Ke2 Qxg5 35. Ke1 Qxg2 36. Qh4 g5 37. Qh5 Qh1+ 38. Ke2 Bg2 39. Ke3 Qe1+ 40. Qe2 Qxe2+ 41. Kxe2 a5 42. Kd2 Ng6 43. Kc2 Ra8 44. Kb3 a4+ 45. Ka3 Bf3 46. d4 cxd4 47. c5 d3 48. c6 Bxc6 49. f4 gxf4 50. h4 Nxh4 51. Ka2 a3 52. Kb1 a2+ 53. Ka1 Bd5 54. Kb2 a1Q# 0-1